Discrimination in organizations /

Bibliographic Details
Other Authors: Alvarez, Rodolfo, 1936-, Lutterman, Kenneth G.
Format: Book
Language:English
Published: San Francisco : Jossey-Bass, 1979.
Edition:1st ed.
Series:Jossey-Bass social and behavioral science series.
Subjects:

MARC

Tag First Indicator Second Indicator Subfields
LEADER 00000pam a2200000 i 4500
001 in00000060239
005 20151008051615.0
008 790907s1979 caua b 00100 eng
010 |a  78062567  
020 |a 0875894291 
035 |a (OCoLC)05451542 
035 |9 AAG8934AM 
040 |a DLC  |c DLC  |d TXA  |d UtOrBLW 
043 |a n-us--- 
049 |a TXAM  |c [981074] 
050 0 0 |a HN65  |b .D496 
082 0 |a 301.18/32 
245 0 0 |a Discrimination in organizations /  |c Rodolfo Alvarez, Kenneth G. Lutterman, and associates. 
250 |a 1st ed. 
264 1 |a San Francisco :  |b Jossey-Bass,  |c 1979. 
300 |a xxvi, 425 pages :  |b illustrations ;  |c 24 cm. 
336 |a text  |b txt  |2 rdacontent 
337 |a unmediated  |b n  |2 rdamedia 
338 |a volume  |b nc  |2 rdacarrier 
490 1 |a The Jossey-Bass social and behavioral science series 
500 |a Includes index. 
504 |a Bibliography: pages 395-414. 
650 0 |a Racism  |z United States. 
650 0 |a Sexism  |z United States. 
650 0 |a Social indicators  |z United States. 
650 0 |a Organizational behavior. 
650 0 |a Organizational change. 
700 1 |a Alvarez, Rodolfo,  |d 1936- 
700 1 |a Lutterman, Kenneth G. 
830 0 |a Jossey-Bass social and behavioral science series. 
999 |a MARS 
999 f f |s 89d48b5b-4c2e-32f1-9b4c-9aab470b89a4  |i b3dbb905-7f73-3c61-ad63-40790b3389af  |t 0 
952 f f |p ric  |a Texas A&M University  |b Rellis Campus  |c Joint Library Facility  |d Remote Storage  |t 0  |e HN65 .D496  |h Library of Congress classification  |i unmediated -- volume  |m A14802934375 
998 f f |a HN65 .D496  |t 0  |l Remote Storage